<?xml version="1.0" encoding="utf-8"?>
<?xml-stylesheet type='text/xsl' href='./oai2.xsl'?>
<OAI-PMH xmlns="http://www.openarchives.org/OAI/2.0/" xmlns:xsi="http://www.w3.org/2001/XMLSchema-instance" xsi:schemaLocation="http://www.openarchives.org/OAI/2.0/ http://www.openarchives.org/OAI/2.0/OAI-PMH.xsd">
  <responseDate>2026-06-07T13:20:32Z</responseDate>
  <request verb="GetRecord" metadataPrefix="marcxml" identifier="record_kuniweb_1294318">https://kulturerbe.niedersachsen.de/oai</request>
  <GetRecord>
    <record>
      <header>
        <identifier>record_kuniweb_1294318</identifier>
        <datestamp>2018-08-17T07:05:05Z</datestamp>
        <setSpec>slg0202</setSpec>
      </header>
      <metadata>
        <marc:record xmlns:marc="http://www.loc.gov/MARC21/slim" xsi:schemaLocation="http://www.loc.gov/MARC21/slim http://www.loc.gov/standards/marcxml/schema/MARC21slim.xsd">
          <marc:leader>12345nrm  22     uu 4500</marc:leader>
          <marc:controlfield tag="001">1294318</marc:controlfield>
          <marc:controlfield tag="003">http://kuniweb.gbv.de</marc:controlfield>
          <marc:controlfield tag="005">2018-03-16T10:30:06</marc:controlfield>
          <marc:controlfield tag="008">|           ||||||||||||||||||||||</marc:controlfield>
          <marc:datafield tag="245" ind1="1" ind2="0">
            <marc:subfield code="a">Sammeltasse mit Untertasse</marc:subfield>
          </marc:datafield>
          <marc:datafield tag="655" ind1=" " ind2="7">
            <marc:subfield code="a">Kunsthandwerk</marc:subfield>
          </marc:datafield>
          <marc:datafield tag="046" ind1=" " ind2=" ">
            <marc:subfield code="k">1855</marc:subfield>
            <marc:subfield code="k">1855 (geschätzt) - 1860 (geschätzt)</marc:subfield>
            <marc:subfield code="l">1860</marc:subfield>
          </marc:datafield>
          <marc:datafield tag="260" ind1=" " ind2=" ">
            <marc:subfield code="g">1855</marc:subfield>
            <marc:subfield code="g">1860</marc:subfield>
            <marc:subfield code="g">1855 (geschätzt) - 1860 (geschätzt)</marc:subfield>
          </marc:datafield>
          <marc:datafield tag="300" ind1=" " ind2=" ">
            <marc:subfield code="a">Durchmesser: 14,8 cm (Untertasse)
Durchmesser: 9,5 cm (Tasse)
Höhe: 2,5 cm (Untertasse)
Höhe: 6,6 cm (Tasse)</marc:subfield>
          </marc:datafield>
          <marc:datafield tag="520" ind1=" " ind2=" ">
            <marc:subfield code="a">Porzellantasse mit leicht hochgezogenem Standring, glockenförmiger, kantig geschwungener Wandung. Spitz zulaufender Henkel. Bemalung: kobaltblauer Fond mit goldenen Rocaillen, Girlanden und Harfe. In einem Goldrahmen eine polychrom gemalte und bezeichnete Gesamtansicht von Northeim (nach Stammblatt von C.A. Besemann, 1810). Innenwandung mit breitem Goldrand. Untertasse mitausgestellter, kantig geschwungener Fahne, blauer Fond mit goldenen Rocaillen und Girlanden. Porzellanmarke am Boden "I". Hersteller Porzellanfabrik Nathusius (1826 bis ca. 1875). (Inventarisation)

Aufschrift:
(Bodenmarke)

Verwendungszweck:
Andenken, Sammeltasse, Kaffeetasse

Literatur in Zusammenhang:
Graesse, J.G.Th., Führer für Sammler von Porzellan und Fayence, Braunschweig 1974,S.428.</marc:subfield>
          </marc:datafield>
          <marc:datafield tag="650" ind1="1" ind2=" ">
            <marc:subfield code="a">Porzellan</marc:subfield>
          </marc:datafield>
          <marc:datafield tag="650" ind1="1" ind2=" ">
            <marc:subfield code="a">Porzellantasse</marc:subfield>
          </marc:datafield>
          <marc:datafield tag="650" ind1="1" ind2=" ">
            <marc:subfield code="a">Sammeltasse</marc:subfield>
          </marc:datafield>
          <marc:datafield tag="650" ind1="1" ind2=" ">
            <marc:subfield code="a">Stadt &lt;Motiv&gt;</marc:subfield>
          </marc:datafield>
          <marc:datafield tag="650" ind1="1" ind2=" ">
            <marc:subfield code="a">Tasse</marc:subfield>
          </marc:datafield>
          <marc:datafield tag="650" ind1="1" ind2=" ">
            <marc:subfield code="a">Brauch/Fest</marc:subfield>
          </marc:datafield>
          <marc:datafield tag="650" ind1="1" ind2=" ">
            <marc:subfield code="a">Northeim (Niedersachsen)</marc:subfield>
          </marc:datafield>
          <marc:datafield tag="773" ind1="0" ind2=" ">
            <marc:subfield code="t">Alltagskultur</marc:subfield>
          </marc:datafield>
          <marc:datafield tag="852" ind1=" " ind2=" ">
            <marc:subfield code="a">Heimatmuseum Northeim</marc:subfield>
          </marc:datafield>
          <marc:datafield tag="852" ind1=" " ind2=" ">
            <marc:subfield code="a">Althaldensleben (Haldensleben, Börde, Sachsen-Anhalt)</marc:subfield>
          </marc:datafield>
          <marc:datafield tag="" ind1=" " ind2=" ">
            <marc:subfield code="a">Namensnennung 4.0 International (CC BY 4.0)</marc:subfield>
          </marc:datafield>
        </marc:record>
      </metadata>
    </record>
  </GetRecord>
</OAI-PMH>
